| 000 | 00715cam a2200229 a 4500 | ||
|---|---|---|---|
| 001 | 000004693 | ||
| 005 | 20200929151501.0 | ||
| 008 | 830615s1982 sp b 000 0 spa | ||
| 020 | _a8423965031 | ||
| 040 |
_aDO-SdBNP _cDLC _dDLC _dOCoLC |
||
| 082 |
_a850.9 _bA668L |
||
| 100 | 1 |
_aArce, Joaquín, _d1924-1982. _913667 |
|
| 245 | 1 | 0 |
_aLiteraturas italiana y española frente a frente / _cJoaquín Arce. |
| 260 |
_aMadrid : _bEspasa-Calpe, _c1982. |
||
| 300 |
_a357 p. ; _c21 cm. |
||
| 490 | 1 | _aEspasa universitaria. | |
| 650 | 4 |
_aLiteratura italiana _93329 |
|
| 650 | 4 |
_aLiteratura española _9632 |
|
| 830 | 0 |
_aEspasa universitaria. _pLiteratura. _913668 |
|
| 910 | _aCatalogación por copia / LC | ||
| 049 | _aBNGR | ||
| 999 |
_c4499 _d4499 |
||